|
|
|
|
| LEADER |
01166nam a2200289 a 4500 |
| 001 |
4856497 |
| 008 |
090629s1987 nyuab bc 000 0 eng d |
| 010 |
|
|
|a \\\91122312
|
| 020 |
|
|
|a 0408500433
|
| 020 |
|
|
|a 9971845296
|
| 020 |
|
|
|a 0893812390 (USA)
|
| 040 |
|
|
|a DLC
|c DLC
|
| 082 |
0 |
0 |
|a 720/.92
|2 20
|
| 100 |
1 |
|
|a Khan, Hasan-Uddin.
|
| 245 |
1 |
0 |
|a Charles Correa :
|b architect in India /
|c Hasan-Uddin Khan ; with essays by Sherban Cantacuzino and Charles Correa.
|
| 260 |
|
|
|a New York :
|b Concept Media,
|c 1987
|
| 300 |
|
|
|a 176 p. :
|b ill. (some col.), maps ;
|c 28 cm.
|
| 491 |
1 |
|
|a A Mimar book in the series.
|
| 500 |
|
|
|a "A Mimar book."
|
| 504 |
|
|
|a Includes bibliographical references (p. 162-164).
|
| 541 |
1 |
|
|e 00008431
|
| 600 |
1 |
0 |
|a Correa, Charles,
|d 1930-
|x Catalogs.
|
| 600 |
1 |
0 |
|a Correa, Charles,
|d 1930-
|x Criticism and interpretation.
|
| 852 |
4 |
|
|a Ayesha Abed Library
|j General shelf
|
| 942 |
0 |
0 |
|0 1
|
| 999 |
|
|
|c 1868
|d 1868
|
| 952 |
|
|
|0 0
|1 0
|2 ddc
|4 0
|6 720_920000000000000_KHA_1987
|7 0
|9 1711
|a BRACUL
|b BRACUL
|c GEN
|d 2009-06-29
|g 0.00
|l 34
|m 240
|o 720.92 KHA
|p 3010008431
|q 2025-12-17
|r 2025-11-05
|s 2025-11-05
|t 1
|w 2009-06-29
|y BK
|x No price found in the accession register.
|